[Event "Interzonal-16"]
[Site "Biel"]
[Date "1993.??.??"]
[Round "4"]
[White "Rogers, Ian"]
[Black "Gurevich, Mikhail"]
[Result "0-1"]
[WhiteElo "2595"]
[BlackElo "2605"]
[Annotator "Gurevich,M"]
[PlyCount "190"]
[EventDate "1993.07.16"]
[EventType "swiss"]
[EventRounds "13"]
[EventCountry "SUI"]
[SourceTitle "CBM 037"]
[Source "ChessBase"]
[SourceDate "1993.12.01"]
[SourceVersion "1"]
[SourceVersionDate "1993.12.01"]
[SourceQuality "1"]

1. d4 d5 2. c4 c6 3. Nf3 Nf6 4. Nc3 e6 5. cxd5 exd5 6. Qc2 Be7 7. Bg5 g6 8. e3
Bf5 9. Bd3 Bxd3 10. Qxd3 Nbd7 11. Bh6 Bf8 $5 (11... Ng4) 12. Bxf8 Kxf8 13. b4
Kg7 14. O-O Qe7 15. Qc2 $5 (15. b5 Rhc8 $1 $132 {/\ c5}) 15... Rhe8 16. b5 cxb5
17. Qb3 (17. Nxb5 Rec8 18. Qb3 a6 19. Nc3 Qd6 20. Rfc1 Rc7 $132 {<->c}) 17...
Qe6 $1 18. Qxb5 (18. Nxb5 Qb6 $1) 18... Rec8 19. Ne2 Rc7 20. Rac1 Rac8 21. h3
Qb6 $10 22. Qxb6 Nxb6 23. Rxc7 Rxc7 24. Rc1 Rxc1+ 25. Nxc1 Na4 26. Ne5 $1 {
/\ f3, Kf2-e2-d2} Nc3 27. Kf1 (27. f3 $2 Nd1 $17) 27... Nfe4 28. Ke1 Kf6 29. f3
Nd6 30. Kd2 Ndb5 31. Kc2 Ke7 32. Ned3 Na4 33. Nb3 $2 (33. Ne2 $10) 33... Na3+
$17 34. Kc1 Nc4 35. e4 dxe4 36. fxe4 Nc3 37. e5 Nxa2+ $6 (37... Nd5 $17 {/\ b6}
) 38. Kc2 a5 39. Nf4 $1 g5 (39... b5 $6 40. Nd5+ Kd7 41. Nc5+ $13) (39... b6
40. Kd3) 40. Nd5+ Ke6 41. Nf6 b6 42. Nxh7 Kf5 43. g4+ Kf4 44. e6 $6 (44. Nf8 $1
{/\ e6} Nb4+ 45. Kc3 b5 46. e6 Nd5+ 47. Kd3 f6 48. Ng6+ Kg3 49. e7 Nc7 50. d5
$13) 44... Nb4+ 45. Kc3 Nd6 46. exf7 Nd5+ 47. Kd3 Nxf7 48. Kc4 Nc7 49. Kd3 $1 (
49. d5 $2 Ne5+ $19 {/\} 50. Kd4 Nb5#) 49... Kg3 (49... a4 50. Nd2 b5 51. Nf6
Kg3 (51... b4 $4 52. Nh5#) 52. d5 Kxh3 53. Kd4 $132) 50. Kc3 (50. Nf6 Kxh3 51.
d5 $132) 50... Kxh3 51. Nxa5 $2 (51. Nf6) 51... bxa5 52. Nxg5+ Nxg5 53. Kb3 Nd5
$19 54. Ka4 Kh4 55. Kxa5 Ne4 56. Kb5 Kg5 57. Kc6 Nef6 58. Kd6 Kg6 59. g5 Kxg5
60. Ke5 Kg4 61. Ke6 Kf4 62. Kd6 Kf5 63. Kc5 Ke6 64. Kc4 Ne4 65. Kd3 Nd6 66. Ke2
Kf5 67. Kf3 Ne4 68. Ke2 Kf4 69. Kd3 Nd6 70. Ke2 Kg3 71. Kd3 Kf2 72. Kd2 Kf1 73.
Kd3 (73. Kd1 Nc4) 73... Ke1 74. Kc2 Ke2 75. Kc1 Nc4 $1 (75... Ne3 $5 76. d5 Kd3
77. Kb2 Kc4 78. Ka3 (78. Ka2 Kc3 79. Ka3 Nec4+ 80. Ka4 Nb6+ 81. Ka3 (81. Ka5
Nd7 82. Ka4 Kc4 {- NB 8/a (1762.)}) 81... Nd7 82. Ka2 Nc5 83. Ka3 Nc4+ 84. Ka2
Kc2 85. d6 Nd3 86. d7 Nb4+ 87. Ka1 Nd2 88. d8=Q Nb3#) 78... Nd1 79. Ka4 (79.
Ka2 Kb4 $1 80. Kb1 Kc3 81. Kc1 (81. Ka1 Nb2 82. Ka2 Nbc4 83. Kb1 Kd2 84. Ka2
Kc2 85. Ka1 Na3 86. Ka2 Nb1 87. Ka1 Nc4 88. d6 Nc3 89. d7 Nd2 90. d8=Q Nb3#) (
81. Ka2 Nb2 82. Ka3 Nb5+ 83. Ka2 Kc2 84. d6 Nc4 85. d7 Nc3+ 86. Ka1 Nd2 87.
d8=Q Nb3#) 81... Nb2 82. Kb1 Nd3 83. Ka2 Kb4 84. Kb1 Kb3 85. Ka1 Nb4 86. Kb1
Na2 87. Ka1 Nc4 88. d6 (88. Kb1 Na3+ 89. Ka1 Nc3 90. d6 Nc2#) 88... Nc3 89. d7
Na3 90. d8=Q Nc2#) 79... Nb2+ 80. Ka5 (80. Ka3 Kc3 81. Ka2 Nbc4 82. Kb1 Kd2 83.
Ka2 Kc2 84. Ka1 Nb5 85. d6 Nc3 86. d7 Nd2 87. d8=Q Nb3#) 80... Kc5 81. Ka6 Nbc4
82. Ka7 Kb5 83. Kb8 Kb6 84. Ka8 Na3 85. Kb8 Nab5 86. Ka8 Ka5 $1 87. Kb8 Ka6 88.
Ka8 Na7 89. Kb8 Kb6 90. Ka8 Ne8 91. Kb8 (91. d6 Nc6 92. d7 Nc7#) 91... Nc7 92.
d6 Na6+ 93. Ka8 Nc6 94. d7 Nc7#) 76. Kc2 Nce3+ (76... Ke3 $1 77. Kc1 (77. Kb3
Kd3) (77. Kd1 Kf2 78. Kc1 Ke1 79. Kc2 Ke2) 77... Kf3 $3 78. Kb1 Kf2 $1 79. Kc1
Ke1 $1 80. Kc2 Ke2 81. Kb3 (81. Kc1 Nce3 82. Kb2 Kd3 83. Ka3 (83. Kc1 Kc3 84.
Kb1 Nc4 85. Kc1 Nb2 86. Kb1 Nd3 87. Ka2 Kb4) (83. Kb1 Kd2 84. Kb2 Nc4+ 85. Kb3
Kd3) 83... Kc4 84. Ka4 (84. Kb2 Kb4 85. Ka2 Nc4 86. Kb1 Kc3 87. Kc1 Nb2 88. Kb1
Nd3 89. Ka2 Kb4 90. Kb1 Kb3 91. Ka1 Nc3 92. d5 Nb4 93. d6 Nc2#) 84... Nf5 85.
Ka3 Kc3 86. Ka2 Kc2 87. Ka3 Nd6 88. Ka4 Kb2) 81... Kd3 82. Ka4 Nd6 83. Kb3 Kd2
84. Kb2 Kd1 85. Kb1 (85. Kb3 Kc1 86. Ka3 Kc2 87. Ka4 Kb2 88. Ka5 Kb3 89. Ka6
Kb4 90. Ka7 Kb5 91. Ka8 Ka6 $1 92. Kb8 Kb6 93. Ka8 Nc7+ 94. Kb8 Na6+ 95. Ka8
Ne8 96. d5 Nec7#) 85... Nc4 86. Ka2 Kc2 87. Ka1 Nc3 88. d5 Nd2 89. d6 Nb3#) 77.
Kc1 Kd3 78. Kb2 Kc4 79. Ka3 Kc3 80. Ka4 Kc4 81. Ka3 Nd1 82. Ka4 N1c3+ 83. Ka3
Kd3 84. Kb2 Nb5 85. Kc1 Ke2 86. Kc2 Nd6 87. Kc1 Nb4 (87... Nc4 $1 88. Kc2 Ke3
$1) 88. d5 Ke1 89. Kb1 $2 Kd2 90. Kb2 Nc2 91. Kb3 Kd3 92. Kb2 Nd4 93. Kb1 Kd2
94. Kb2 Nc4+ 95. Kb1 Ne2 (95... Ne2 96. Ka1 Kc2 97. d6 Nc3 98. d7 Nd2 99. d8=Q
Nb3#) (95... Ne2 96. d6 Nc3+ 97. Ka1 Kc2 98. d7 Nd2 99. d8=Q Nb3#) 0-1

[Event "Gibraltar Masters"]
[Site "Gibraltar"]
[Date "2006.01.27"]
[Round "4"]
[White "Pelletier, Yannick"]
[Black "Gurevich, Mikhail"]
[Result "0-1"]
[WhiteElo "2579"]
[BlackElo "2633"]
[Annotator "Gurevich,M"]
[PlyCount "92"]
[EventDate "2006.01.24"]
[EventType "swiss"]
[EventRounds "10"]
[EventCountry "ENG"]
[SourceTitle "CBM 110 Extra"]
[Source "ChessBase"]
[SourceDate "2006.03.10"]
[SourceVersion "2"]
[SourceVersionDate "2006.03.10"]
[SourceQuality "1"]

1. d4 d5 2. c4 c6 3. Nf3 Nf6 4. Nc3 e6 5. Bg5 Nbd7 6. cxd5 exd5 7. e3 Be7 8.
Bd3 (8. Qc2 Nh5 9. Bxe7 Qxe7 10. O-O-O Nb6 11. h3 g6 12. Bd3 Ng7 13. Rhe1 $5 {
TN} Be6 (13... Bf5 14. e4 $5 $36) 14. Kb1 O-O-O 15. Na4 Bf5 $5 16. Nc5 (16.
Nxb6+ $5 axb6 17. Bxf5+ Nxf5 18. e4 dxe4 19. Rxe4 Qc7 20. Rde1 $14) 16... Kb8
17. Ka1 Bxd3 18. Rxd3 Nf5 19. Rc1 Rc8 20. Qb3 Nd6 21. Qb4 Rhe8 22. Nd2 Nbc4 23.
Nxc4 {1/2-1/2 Gyimesi,Z-Gurevich,M/Gibraltar ENG 2006 (23)} (23. Nxc4 Nxc4 24.
Rb3 b6 $132)) 8... O-O 9. Qc2 Re8 10. O-O Nf8 11. h3 Be6 (11... g6 12. Rab1 Ne6
13. Bh4 Ng7 14. b4 a6 15. a4 Bf5 16. b5 axb5 17. axb5 Nd7 18. Bxe7 Rxe7 19.
Bxf5 Nxf5 20. bxc6 bxc6 21. Na4 $14 {1-0 Onischuk,A-Bruzon Bautista,L/
Beersheba 2005/Mega2006 (53)}) 12. a3 $5 (12. Rab1 N6d7 (12... Ne4) 13. Bxe7
Qxe7 14. b4 Rac8 15. Rfc1 Qf6 16. Nd2 Ng6 17. Ne2 Nb6 18. Ng3 a6 19. Nb3 Rc7
20. Nc5 Nc8 21. a4 Nd6 22. Rb3 Bc8 23. Rc3 $14 {1-0 Zakhartsov,V-Balashov,Y/
Moscow RUS 2006 (59)}) 12... N6d7 13. Bf4 Nb6 (13... Rc8 14. b4 Nb6 15. Nd2 Bd6
16. Bxd6 Qxd6 17. Rfc1 Qe7 18. Ne2 Ng6 19. Nb3 Rc7 20. a4 Nc4 21. Nc5 $14 {
1/2-1/2 Izoria,Z-Gurevich,M/Izmir 2003/PowerBook2005 (33)}) 14. Rfc1 $5 {TN} (
14. Ne5) (14. b4) 14... Bd6 15. Bxd6 Qxd6 16. b4 a6 17. Nd2 (17. a4 $5 {
(/\18.b5)} Qxb4 18. Rab1 (18. a5 Nc4 19. Rcb1 Qe7 20. Bxc4 dxc4 21. Rb6 $44)
18... Qa5 19. Nd2 $16) 17... Qe7 $5 {[/\Nb6-c8-d6]} 18. Ne2 (18. a4 $5) 18...
Nc8 19. Qb2 (19. Nb3 Nd6 20. Nc5 Qg5 21. Nf4 $14) 19... Nd6 20. a4 Bf5 21. Bxf5
Nxf5 {[/\22...Nxe3]} 22. Nc3 Ng6 $5 {[/\23...Ngh4,24...Qg5|^>>]} 23. b5 (23.
Nf3 Ngh4 $36) 23... Ngh4 24. Nf1 Qg5 25. f4 Qd8 $5 {[/\26...Nd6,27...Nhf5|^[+];
} (25... Qf6 26. Qf2 Nd6 27. bxc6 bxc6 28. Nh2 $5 Nhf5 29. Ng4 $132) 26. bxc6
bxc6 27. Qf2 Nd6 28. g3 Nhf5 29. g4 Ne7 {[/\Ne7-c8-b6-c4;} (29... Nh4 30. Ng3
Nc4 31. Re1 Rb8 $36) 30. f5 Nec8 31. Nd2 Nb6 32. Re1 $5 {[/\33.e4<=>[+]]} Nbc4
33. Nxc4 Nxc4 34. e4 dxe4 35. Rxe4 Qa5 (35... Rxe4 36. Nxe4 Rb8 (36... Qd5 37.
Re1 Rd8 38. Nc5 $36) 37. Nc5 Rb2 38. Qf4 h6 39. Rc1 $13) 36. Rae1 Rf8 $5 (36...
Rxe4 37. Nxe4 Qxa4 38. f6 $44) 37. Qg3 Rad8 38. Qd3 (38. f6 $5 gxf6 39. Rf4
$132) 38... Nb6 39. Re5 Qb4 40. Rb1 Qd6 $1 {[XKg1;} (40... Qc4 41. Qxc4 Nxc4
42. Rc5 Rxd4 43. Rxc6 (43. Rb4 Ne5 44. Rxd4 Nf3+ 45. Kf2 Nxd4 46. Rc4 $44)
43... h6) 41. Re2 (41. Rxb6 Qxe5) 41... Nd5 42. Nxd5 Qxd5 $15 43. Rd1 Rb8 $5 {
[/\44...Rb3->]} 44. Re5 Qa2 45. Qxa6 $6 (45. f6 Rb3 46. Qe2 Rg3+ 47. Kf2 Qb3
$15) 45... Rb2 46. Qxc6 $4 $138 (46. Qf1 Qxa4 $15) 46... Qb3 0-1

[Event "Bundesliga 0203"]
[Site "Germany"]
[Date "2003.03.29"]
[Round "14.5"]
[White "Gurevich, Mikhail"]
[Black "Doettling, Fabian"]
[Result "1-0"]
[WhiteElo "2634"]
[BlackElo "2520"]
[Annotator "Gurevich,M"]
[PlyCount "95"]
[EventDate "2002.10.19"]
[EventType "team-tourn"]
[EventRounds "15"]
[EventCountry "GER"]
[SourceTitle "CBM 095"]
[Source "ChessBase"]
[SourceDate "2003.07.25"]
[SourceVersion "1"]
[SourceVersionDate "2003.07.25"]
[SourceQuality "1"]
[WhiteTeam "Porz"]
[BlackTeam "Baden Oos"]
[WhiteTeamCountry "GER"]
[BlackTeamCountry "GER"]

1. c4 e6 2. Nc3 d5 3. d4 Be7 4. Nf3 Nf6 5. Bg5 O-O 6. e3 Nbd7 7. cxd5 exd5 8.
Qc2 c6 9. Bd3 Re8 10. h3 Nf8 11. Bf4 Bd6 12. Bxd6 Qxd6 13. O-O Qe7 {[н/\14...
Ne4]} (13... Be6 14. Rab1 (14. a3 N8d7 15. Rfc1 Rac8 16. Na4 Ne4 17. b4 h6 18.
Rab1 b6 19. Nd2 Nxd2 20. Qxd2 Nf6 21. Nc3 Bd7 22. Qb2 c5 23. dxc5 bxc5 24. Nb5
Bxb5 25. Bxb5 Red8 26. bxc5 $11 {1/2-1/2 Chernin,A-Doettling,F/Philadelphia
2001/KasparovChess collection (60)}) 14... Rac8 15. b4 a6 16. Na4 g6 17. Nc5
Rc7 18. a4 N6d7 19. Rfc1 Nxc5 20. Qxc5 Qe7 21. b5 $14 {1/2-1/2 Van Wely,
L-Bruzon,L/Bled SLO 2002/The Week in Chess 417 (57)}) 14. a3 $5 Ng6 15. b4 Ne4
$5 16. Bxe4 (16. Rac1 Ng5 $132) 16... dxe4 17. Nd2 Bf5 $5 {[н/\18...Nh4,19.
Qg5|^>>]} (17... f5 18. b5 $36) 18. Ne2 $5 {[н/\19.Ng3;19.Rfc1,20.Qc5]} Nh4 19.
Ng3 Qg5 {[텦e8-e6-g6->>>]} 20. Qd1 $1 {[н/\21.Qh5]} Rad8 $6 (20... Bg6 21. Qg4
Qxg4 22. hxg4 $14) (20... g6 21. Rc1 Rad8 22. Rc5 Rd5 23. Rxd5 cxd5 24. Qa4 $1
$36) 21. Qh5 h6 22. Rfc1 $14 Rd5 $6 (22... Qxh5 23. Nxh5 Bg6 $14 {(н/\24...f5)}
) 23. Qxg5 hxg5 24. Rc5 $16 {[н/\25.Rac1;xxe4,g5]} Bg6 (24... Rxc5 25. bxc5 $16
{(н/\26.Rc1,Nd2-c4-d6)} b5 26. cxb6 axb6 27. Nc4 Rb8 28. Rb1 b5 29. Nd6 $18)
25. Rac1 f6 26. Rxd5 cxd5 27. Rc7 Rb8 28. Ne2 {[텤e2-c3-b5-d6]} Bf7 29. Nc3
Nf5 30. Nb3 b6 (30... Nd6 31. Nc5 $16 {н/\} b6 32. Rxa7 bxc5 33. dxc5 Nc4 34.
b5 $16) 31. Rxa7 (31. Rd7 Rc8 $132 32. Nxd5 $2 Be6) 31... Rc8 32. Na4 $1 $18
Rc2 33. Nxb6 g4 (33... Rb2 $5 34. Nc5 Rb1+ 35. Kh2 Rb2 36. Ra8+ Kh7 37. Rf8 $1
Bg8 (37... Rxf2 38. Rxf7 Nxe3 39. Nxd5 Nxd5 40. Nxe4 $18) 38. Rxg8 Kxg8 39.
Nxd5 Rxf2 40. Nxe4 $18) 34. hxg4 Nh6 35. f3 Rc3 36. Nc5 Rxe3 37. Kf2 Rc3 38. a4
Rc2+ 39. Kg3 g5 40. Nbd7 f5 41. Nf6+ Kg7 (41... Kh8 42. gxf5 e3 43. Nd3 $18)
42. Nxd5 f4+ 43. Nxf4 $1 gxf4+ 44. Kxf4 exf3 45. gxf3 Rc4 46. b5 Rxd4+ 47. Kg3
Rb4 48. Rb7 (48. Rb7 {(н/\a4-a5-a6)} Rc4 49. b6 Rxc5 50. Rxf7+ Kxf7 51. b7) 1-0

[Event "BEL-chT 0405"]
[Site "Belgium"]
[Date "2004.11.07"]
[Round "3"]
[White "Ikonnikov, Vyacheslav"]
[Black "Gurevich, Mikhail"]
[Result "0-1"]
[WhiteElo "2559"]
[BlackElo "2644"]
[Annotator "Gurevich,M"]
[PlyCount "132"]
[EventDate "2004.09.09"]
[EventType "team-tourn"]
[EventRounds "11"]
[EventCountry "BEL"]
[SourceTitle "EXT 2006"]
[Source "ChessBase"]
[SourceDate "2005.11.24"]
[SourceVersion "1"]
[SourceVersionDate "2005.11.24"]
[SourceQuality "1"]
[WhiteTeam "Jean Jaures"]
[BlackTeam "KSK47-Eynatten"]
[WhiteTeamCountry "BEL"]
[BlackTeamCountry "BEL"]

1. d4 d5 2. Nf3 Nf6 3. c4 c6 4. Nc3 e6 5. Bg5 Nbd7 6. cxd5 exd5 7. e3 Be7 8.
Qc2 Nh5 9. Bxe7 Qxe7 10. Be2 g6 11. O-O Ndf6 12. Bd3 Ng7 13. Rab1 Bf5 $5 {TN} (
13... a5 14. a3 Bf5 15. Ne5 Bxd3 16. Nxd3 O-O 17. b4 axb4 18. axb4 b5 19. Ne2
Rfc8 20. Ra1 $14 {1-0 Cvitan,O-Tarakcija,H/Bizovac 2001/CBM 80 ext (40)}) 14.
b4 Rc8 $5 15. Rfc1 (15. b5 c5 16. dxc5 Rxc5 $132) 15... O-O 16. Ne2 $5 {
[/\Ne2-f4-d3]} Bxd3 17. Qxd3 Nf5 18. a4 (18. b5 cxb5 $5 19. Qxb5 Nd6 20. Qb3 b6
$132) 18... Rfd8 19. Qb3 (19. b5 $5 cxb5 20. axb5 Nd6 21. Qa3 Rxc1+ 22. Rxc1
Qe8 23. Qxa7 Qxb5 24. Qa2 $14) 19... Ne4 20. Ng3 Nfd6 (20... Nfxg3 21. hxg3 a6
22. b5 axb5 23. axb5 c5 $11) 21. Nxe4 Nxe4 22. Rc2 a6 $5 {[/\22...Nd6]} 23.
Rbc1 (23. b5 axb5 24. axb5 c5 $11) 23... Nd6 24. Ne5 Ra8 $5 25. Nd3 Re8 26. Re1
Qg5 $5 {[/\27...Re7,28...Rae8<=>>>]} 27. Rce2 Re7 28. Ne5 Rae8 29. Qc2 f6 30.
Nf3 Qh5 31. Qc5 Ne4 32. Qc2 Nd6 33. Qc5 Rd7 (33... Re6 34. Qb6 R6e7 35. Qc5 $11
) 34. Nd2 Qf5 35. f3 Qd3 36. Kf2 Re6 37. Rc1 Rde7 38. Qc3 $11 Qf5 39. Kg1 Qg5
40. Rce1 Qh4 41. Qd3 g5 $6 (41... f5 42. f4 Re8 43. Nf3 Qe7 44. Ne5 $14) 42. e4
$14 Kf8 $5 43. g3 Qh5 44. Nb3 $6 (44. exd5 Rxe2 45. Rxe2 cxd5 $11) (44. e5 $5
fxe5 45. Rxe5 (45. dxe5 Nf7 46. f4 gxf4 47. gxf4 Qg4+ 48. Qg3 Rg6 $132) 45...
Qf7 $13) 44... dxe4 45. fxe4 Rxe4 $1 46. Rxe4 Rxe4 47. Rxe4 Nxe4 48. Na5 (48.
Qxe4 Qd1+ 49. Kf2 Qxb3 $17) 48... Nd6 49. d5 Qg4 $1 50. dxc6 Qxb4 51. cxb7 Qb6+
$5 (51... Nxb7 52. Qxa6 Qc5+ 53. Kg2 Qd5+ 54. Kg1 Nxa5 55. Qxf6+ Kg8 56. h4 g4
$17) 52. Kf1 Nxb7 53. Nc4 (53. Nxb7 Qxb7 54. Kg1 Qb6+ 55. Kf1 Qc6 $17) 53...
Qc6 $17 54. Ne3 Nd6 55. Kg1 Ne4 56. a5 h5 57. Qd4 g4 $5 {[/\58...Ng4|^>>]} 58.
Nd5 Qc1+ 59. Kg2 Qc2+ 60. Kg1 Kg7 61. Nf4 Kh6 62. Nd5 Kg5 $5 63. Nf4 $138 {
[/\64.Qd5;} (63. Qe3+ Kf5 64. Qd4 $17) 63... Qc1+ 64. Kg2 Qc6 65. Kg1 (65. Qd5+
Qxd5 66. Nxd5 Kf5 67. Nb4 Nc5 $17) 65... h4 66. Nd5 $2 Qc1+ (66... Qc1+ 67. Kg2
h3#) 0-1

[Event "Hoogovens"]
[Site "Wijk aan Zee"]
[Date "1999.01.16"]
[Round "1"]
[White "Kasparov, Garry"]
[Black "Ivanchuk, Vassily"]
[Result "1/2-1/2"]
[WhiteElo "2812"]
[BlackElo "2714"]
[Annotator "Hansen,Cu"]
[PlyCount "43"]
[EventDate "1999.01.16"]
[EventType "tourn"]
[EventRounds "13"]
[EventCountry "NED"]
[EventCategory "17"]
[SourceTitle "CBM 069"]
[Source "ChessBase"]
[SourceDate "1999.04.01"]
[SourceVersion "1"]
[SourceVersionDate "1999.04.01"]
[SourceQuality "1"]

1. d4 d5 2. c4 e6 3. Nc3 Nf6 4. cxd5 exd5 5. Bg5 c6 {[%cal Yc8f5]} 6. Qc2 Na6
$5 {[%cal Ya6b4,Ya6c7,Yc7e6] Putting a N on the edge of the board is often a
bad idea because it has few potential good squares to go to. However there are
a lot of exceptions from this rule. In the Exchange-variation of the Queens
Gambit blacks Nb8 in many lines end up on e6 via the manouvre Nb8-d7-f8-e6.
However after the text move it might get to the same square by Nb8-a6-c7-e6.
And there is another - more obvious - idea with the textmove. Black wants to
play Na6-b4 to force Qc2 away and thereby making it possible to develop Bc8 to
the ideal square f5. It is often difficult for black to develop the
white-squared B in a good way in this opening.} 7. e3 (7. a3 $5 {This is
whites alternative stopping Na6-b4 but the question is how useful this move is
after Na6-c7-e6}) 7... Nb4 8. Qd2 Bf5 9. Rc1 {[%csl Rb4][%cal Ya2a3] Black has
solved the problem with Bc8. Now white is threatening 10.a3 Sa6 11.Lxa6+/- so
black has to think about what to to with his Nb4} a5 10. a3 Na6 11. Nge2 {
[%cal Ye2g3] White has to try and win some tempi by attacking Bf5. If he
develops normally with Nf3 and Be2 black has no problems.} h6 (11... Be7 12.
Ng3 Bg6 $11 {is supposed to be quite reasonable for black}) 12. Bf4 (12. Bh4 $6
Be7 13. Ng3 Bh7 {[%cal Rg7g5]}) 12... Nd7 (12... Be7 13. Ng3 Bh7 14. Bd3 {
[%csl Rf5] and because Ng3 will soon have access to the square f5 white has
chances of an advantage}) 13. Ng3 Be6 {[%cal Rg7g5]} 14. e4 {White was not
rearly ready for this advance - but the threat of g7-g5 was to strong.} Nb6 15.
exd5 Nxd5 16. Nxd5 Qxd5 $1 (16... Bxd5 17. Qe3+ Qe7 18. Nf5 Qxe3+ 19. Nxe3 $14)
17. Bc4 Qxg2 18. Qe3 O-O-O $1 19. Bxe6+ fxe6 20. Qxe6+ Rd7 21. Qe8+ Rd8 22.
Qe6+ {[%csl Rc8,Re1] Whites Ks-position is just as open as blacks so draw.}
1/2-1/2

[Event "Hoogovens"]
[Site "Wijk aan Zee"]
[Date "1995.01.??"]
[Round "1"]
[White "Nikolic, Predrag"]
[Black "Hansen, Lars Bo"]
[Result "1/2-1/2"]
[WhiteElo "2655"]
[BlackElo "2580"]
[Annotator "Hansen,LB"]
[PlyCount "144"]
[EventDate "1995.01.??"]
[EventType "k.o."]
[EventRounds "5"]
[EventCountry "NED"]
[SourceTitle "CBM 045"]
[Source "ChessBase"]
[SourceDate "1995.04.01"]
[SourceVersion "1"]
[SourceVersionDate "1995.04.01"]
[SourceQuality "1"]

1. d4 Nf6 2. c4 e6 3. Nf3 d5 4. Nc3 Nbd7 5. Bg5 c6 6. cxd5 exd5 7. e3 Be7 8.
Qc2 O-O 9. Bd3 Re8 10. O-O Nf8 11. h3 g6 12. Bxf6 Bxf6 13. b4 Be7 $5 $146 (
13... Ne6) 14. b5 Bd6 15. bxc6 bxc6 16. Rfc1 Ne6 17. Qd1 $1 Qf6 (17... Ng5 $6
18. Nxg5 Qxg5 19. Qf3 $1 $14 {X c6}) 18. Rab1 Re7 (18... Kg7 $5 {/\ h6;Ng5 <=>
<-> h}) 19. Rb3 $1 {X <-> 3} Kg7 20. Na4 Bd7 21. Ba6 Rae8 22. Rb7 $6 {X <-> 3}
(22. Bb7 $5 Nd8 23. Ba8 $5 $13) (22. Nc5 Bxc5 (22... Nxc5 23. dxc5 Bc7 24. Qd4
$1 $14) 23. dxc5 $10) 22... Ng5 $1 23. Nxg5 Qxg5 24. Kh1 $8 (24. Kf1 $2 Bc8 $1
$19) (24. Qf3 Rxe3 $1 25. fxe3 Rxe3 $17 {->}) 24... Rxe3 $1 25. Rxd7 $1 $8 (25.
fxe3 $2 Qg3 26. Qg1 (26. Kg1 Qxe3+ 27. Kh1 (27. Kf1 Bh2 $1 $19) 27... Qg3 28.
Kg1 Qh2+ 29. Kf2 (29. Kf1 Bg3 $1 $19) 29... Bg3+ 30. Kf3 Bh4 $1 $19) 26... Bxh3
$1 {^ Bg4,Qh4-+} 27. Rxc6 $8 Re4 $3 (27... Bg4 28. Rxd6) 28. Rxd6 Rh4 $19)
25... Qf4 26. Rxd6 (26. Qg1 $2 Re1 $19) (26. g3 $2 Qxf2 $19) 26... Qxf2 $1 27.
Nc5 $1 $8 (27. Qg4 Re1+ 28. Rxe1 Rxe1+ 29. Kh2 Qg1+ 30. Kg3 Re3+ 31. Kh4 Re4
$17) (27. Rdxc6 $2 Re1+ 28. Qxe1 Rxe1+ 29. Rxe1 Qxe1+ 30. Kh2 Qe8 $1 31. Bb5
Qb8+ $19) (27. Qg1 Re1 28. Bf1 Qxg1+ 29. Kxg1 Rxc1 $19) 27... Re1+ 28. Qxe1
Rxe1+ 29. Rxe1 Qxe1+ 30. Kh2 Qf2 31. Rxc6 (31. Rd7 Kf8 (31... Qxd4 $4 32. Ne6+
$18) (31... Kh6 $5) 32. Rd8+ Ke7 33. Rd7+ Ke8 $17) 31... Qxd4 $15 32. a4 h5 33.
Bb5 Qe5+ 34. Kh1 Qe1+ 35. Kh2 Qe5+ 36. Kh1 Qe1+ 37. Kh2 g5 $1 $138 {/\ g4-g3 X
Kh2} (37... Qe5+ $10) 38. Nd3 Qe3 39. Rc2 $6 (39. Rc1 $5 g4 40. Re1 g3+ 41. Kh1
Qd4 $15) 39... g4 40. g3 $5 h4 $1 41. hxg4 (41. Rg2 gxh3 42. Rg1 (42. Kxh3 a6
$1 43. Bxa6 Qe6+ $19) 42... Qe2+ 43. Kh1 (43. Kxh3 a6 $1 44. gxh4+ (44. Nf4 Qe3
$19) 44... Kf8 45. Bxa6 Qe6+ $19) 43... Qe4+ 44. Kh2 a6 $1 45. gxh4+ Kf8 46.
Bxa6 Qxa4 $19) 41... Qxg3+ 42. Kh1 h3 43. Rh2 $8 a6 (43... Qf3+ $1 44. Kg1 a6
45. Bxa6 Qxg4+ 46. Kf2 $8 (46. Kf1 Qg3 $1 $19 {P.Nikolic}) 46... Qxa4 $19) 44.
Bxa6 Qf3+ 45. Kg1 Qg3+ 46. Kh1 Qf3+ 47. Kg1 Qd1+ $2 (47... Qxg4+ 48. Kf2 $8 (
48. Kf1 Qg3 $1 $19 {P.Nikolic} (48... Qxa4 49. Bc8 $1 $10)) 48... Qxa4 $19) 48.
Kf2 Qxa4 49. Rxh3 Qxa6 50. Rf3 $1 {/\ Kg2,Nf2} Qa7+ $6 51. Kg2 Qa2+ 52. Nf2 $10
Kf8 53. Re3 d4 54. Rd3 Qd5+ 55. Rf3 Ke7 56. Kg3 Ke6 57. Nd3 Qc4 58. Kg2 Qc2+
59. Nf2 Qe2 60. Rf4 Qb2 61. Rf3 Qb7 62. Kg3 Qc7+ 63. Kg2 Kd5 64. Rf5+ Kc4 65.
Rf3 Qc6 66. Kg3 Qg6 $5 {/\ f5} 67. Kh3 $1 f6 68. Kh2 $1 Qh6+ 69. Kg2 Qg5 70.
Kg3 Qe5+ 71. Kg2 Qd5 72. Kg3 Qe5+ 1/2-1/2

[Event "Vienna Millenium"]
[Site "Vienna"]
[Date "1996.08.09"]
[Round "1"]
[White "Karpov, Anatoly"]
[Black "Ehlvest, Jaan"]
[Result "1/2-1/2"]
[WhiteElo "2775"]
[BlackElo "2660"]
[Annotator "Hansen,LB"]
[PlyCount "106"]
[EventDate "1996.08.09"]
[EventType "tourn"]
[EventRounds "9"]
[EventCountry "AUT"]
[EventCategory "18"]
[SourceTitle "CBM 055"]
[Source "ChessBase"]
[SourceDate "1996.12.01"]
[SourceVersion "1"]
[SourceVersionDate "1996.12.01"]
[SourceQuality "1"]

1. d4 Nf6 2. c4 e6 3. Nf3 d5 4. Nc3 Be7 5. Bg5 O-O 6. e3 Nbd7 7. cxd5 exd5 8.
Bd3 c6 9. Qc2 Re8 10. O-O Nf8 11. h3 {Karpov s pet line in the QGD exchange.}
g6 (11... Be6 12. Bxf6 (12. Bf4 Bd6 13. Bxd6 Qxd6 14. a3 $14 {Karpov,
A-Beliavsky,A/Tilburg/1986/}) (12. Rfc1 N6d7 13. Bf4 Nb6 14. Rab1 Bd6 15. Ne2
Ng6 16. Bxd6 Qxd6 17. a4 $14 {Karpov,A-Kharitonov,A/URS-ch/1988/}) (12. Ne5
N6d7 13. Bxe7 Rxe7 14. f4 f6 15. Nf3 $14 {Kramnik,V-Renet,O/Clichy/1995/})
12... Bxf6 13. b4 $14 {Karpov,A-Campora,D/San Nicolas/1994/}) 12. Bxf6 $5 (12.
Rab1 Ne6 13. Bh4 Ng7) 12... Bxf6 13. b4 a6 (13... Be7 $5 14. b5 Bd6 15. bxc6
bxc6 16. Rfc1 Ne6 $13 {Nikolic,P-Hansen,LB/Wijk/1995/}) 14. a4 Be6 15. b5 axb5
16. axb5 Nd7 $1 {Control of c5 is important.} 17. bxc6 bxc6 18. Ne2 c5 $1 19.
Bb5 $5 {/\ Bd7,Nf4.With pawns on just one side of the board it is logical to
play with Ns against Bs.} (19. Rxa8 Qxa8 20. dxc5 Rc8 $10) 19... Bf5 20. Qd2
Qc7 21. Rxa8 Rxa8 22. Bxd7 Bxd7 23. Nf4 Be6 24. dxc5 Qxc5 {White has a
theoretcal edge, but it is too small even for Karpov!} 25. Rd1 Ra1 26. Rxa1
Bxa1 27. Qa2 Bf6 28. Qa8+ Kg7 29. Qb7 Qd6 30. h4 h6 $1 (30... h5 $2 {>< g5})
31. g3 Bg4 32. Nh2 Be6 33. Nf3 Bg4 34. Nd4 (34. Nh2 Be6 $10) 34... Bxd4 35.
exd4 Be6 36. Kg2 g5 $1 37. hxg5 hxg5 38. Nd3 Qd7 39. Qxd7 Bxd7 40. Kf3 Kf6 41.
Nb4 Be6 42. Nc2 Ke7 43. Ke3 Kd6 $10 44. Nb4 Kc7 45. f4 gxf4+ 46. Kxf4 f6 $1 47.
Ke3 Kd6 48. Nd3 Bf5 49. Nf4 Be4 50. Kd2 Ke7 51. Ke3 Kd6 52. Ke2 Kd7 53. Kd2 Ke7
1/2-1/2